000 01538cam a2200169 4500500
005 20260111104949.0
041 _afre
042 _adc
100 1 0 _aLowry, Richard
_eauthor
245 0 0 _aReaganiens et néo-reaganiens
260 _c2005.
500 _a52
520 _aRésuméSi la plupart des conservateurs se sont rangés derrière la politique d’action préventive du président Bush, l’inspiration néoconservatrice qui guide l’action de l’administration est très éloignée de ce que constitue une politique étrangère authentiquement conservatrice. Une telle politique doit concilier la promotion des principes à une vision réaliste du monde. Reagan connaissait la différence entre une politique étrangère conservatrice et l’interventionnisme wilsonien. Ses prétendus héritiers la connaissent-ils aussi ?
520 _aReaganites v. Neo-ReaganitesAlthough most conservatives have supported the preventive doctrine underlying the Bush policy, the neoconservatrice inspiration that guides it is at odds with a truly conservative foreign policy. Such a policy combines a belief in the power of ideals with a clear-eyed understanding of reality and the limits it sets on action. Reagan knew the difference between a conservative foreign policy and Wilsonian interventionism. Do his soi-disant heirs know it too?
786 0 _nPolitique américaine | 2 | 2 | 2005-06-01 | p. 91-105 | 1771-8848
856 4 1 _uhttps://shs.cairn.info/revue-politique-americaine-2005-2-page-91?lang=fr&redirect-ssocas=7080
999 _c1631234
_d1631234